000 00672nam a2200241Ia 4500
003 OSt
005 20220924114549.0
006 a|||||r|||| 00| 0
007 ta
008 220923b |||||||| |||| 00| 0 ara d
024 _a339706
037 _cTextual
040 _aARTS
_cARTS
_bara
041 _2ara
_aara
082 _aO28,6NHAw,1, K5
100 _aHina George Au.
_9174275
245 0 _aQabl-al-Mughaib
_b tijarab wa zikriyat min hayati
260 _aBeirut
_bMatba-i-samya Lebanon
_c1965
300 _a494p.
_ccm.
650 _aARABIC PROSE
942 _hO28,6NHAw,1, K5
_cTEXL
_2CC
999 _c394223
_d394223